Coupe du Monde de Football - Participant ? #9 - Statistiques

Statistiques générales
  • Ce quiz a été pris 69 fois
  • Le résultat moyen est 12 sur 15
Statistiques - réponses
Hint Réponse % Correct
États-Unis Correct
100%
Autriche Correct
98%
Cameroun Correct
96%
République tchèque Correct
92%
Le Pays de Galles Correct
92%
Nigeria Correct
92%
Norvège Correct
88%
Pakistan Incorrect
87%
Slovaquie Correct
83%
Thaïlande Incorrect
83%
Syrie Incorrect
77%
Lettonie Incorrect
75%
Viêt Nam Incorrect
71%
Émirats Arabes Unis Correct
44%
Koweït Correct
38%
Aucun quiz correspondant
Distribution des résultats
% des personnes avec chaque résultat
Percentile par nombre de réponses
Votre historique - résultats
Vous n’avez pas pris ce quiz